Doak Walker Award winners - Statistics

General Stats
  • This quiz has been taken 91 times
    74 since last reset
  • The average score is 15 of 33
Answer Stats
Year College Answer % Correct
2022 Texas Bijan Robinson
97%
2015 Alabama Derrick Henry
97%
2021 Michigan State Kenneth Walker III
92%
2018 Wisconsin Jonathan Taylor
90%
2019 Wisconsin Jonathan Taylor
90%
2020 Alabama Najee Harris
84%
2014 Wisconsin Melvin Gordon
82%
2005 USC Reggie Bush
76%
2006 Arkansas Darren McFadden
69%
2007 Arkansas Darren McFadden
69%
2017 Stanford Bryce Love
63%
1997 Texas Ricky Williams
60%
1998 Texas Ricky Williams
60%
2000 TCU LaDainian Tomlinson
56%
2012 Wisconsin Montee Ball
50%
2011 Alabama Trent Richardson
48%
1995 Ohio State Eddie George
45%
2016 Texas D'Onta Foreman
42%
2010 Oregon LaMichael James
42%
1999 Wisconsin Ron Dayne
40%
2009 Stanford Toby Gerhart
31%
2002 Penn State Larry Johnson
26%
2004 Texas Cedric Benson
24%
1994 Colorado Rashaan Salaam
24%
2013 Boston College Andre Williams
23%
2008 Iowa Shonn Greene
13%
2003 Michigan Chris Perry
10%
1992 Georgia Garrison Hearst
10%
2001 BYU Luke Staley
8%
1996 Texas Tech Byron Hanspard
5%
1991 Rice Trevor Cobb
5%
1993 Texas Tech Byron Morris
3%
1990 Washington Greg Lewis
3%
No matching quizzes found
Score Distribution
Percent of People with Each Score
Percentile by Number Answered
Your Score History
You have not taken this quiz since the last reset